000 00728nam a22002417a 4500
003 UA-OsUOA
001 49217
007 ta
008 20131216b un ||||| |||| 00| 0 ukr d
100 _aНевестюкъ Я.
090 _a09.-61
_bН40
942 _cBK
040 _aUA-OsUOA
_bukr
_cUA-OsUOA
_dUA-OsUOA
245 _aЯкъ ходити коло хорыхъ
300 _a74 с.
955 _a4
041 _aukr
080 _a09.-61
260 _aЛьвовъ
_bНауков. Товариство имени Шевченка
_c1987
650 7 _a0 Загальний відділ.
_2UDC
999 _c429344
_d429344